000 00350nam a22001457a 4500
008 210507b ||||| |||| 00| 0 eng d
020 _a9781536924190
041 _aeng
080 _a37
082 _a37
100 _a46
101 _aEDU
245 _aGraduate Reading, Writing and Grammar in Art and Design
_cChristina Cavage
942 _2udc
_cBK
999 _c57117
_d57117